| 000 | 01265naa a22003377a 4500 | ||
|---|---|---|---|
| 001 | BR7601925 | ||
| 003 | BR-BrBNA | ||
| 005 | 20240918173812.0 | ||
| 007 | ta | ||
| 008 | 230509b bl.||||| |||| 00| 0 por d | ||
| 040 |
_aBR-BrBNA _bpor _cBiblioteca Nacional de Agricultura |
||
| 041 | _a(Pt) | ||
| 072 |
_aF60 _b1126 _bG514 |
||
| 090 | _aF60 BR7601925 | ||
| 100 | 1 | _aGuerra, N.B. | |
| 100 | 1 | _aTrigueiro, I.N.S. | |
| 100 | 1 | _aFaro, Z.P. de | |
| 100 | 1 | _aFarah, Z. | |
| 100 | 1 | _aCoelho, M.A.S.C. | |
| 245 | 1 | _aCaracteristicas do abacaxi segundo o estado de maturacao com vistas ao seu aproveitamento industrial [Ananas comosus; Paraiba; Brasil] | |
| 260 | 3 |
_aRecife, PE (Brasil): _c1976. |
|
| 500 | _aPrograma de pesquisas analiticas e tecnologicas de produtos agropecuarios nos estados de Pernambuco e Paraiba Recife, PE (Brasil): 1976. p. 47-73 (BR7601925-AM)F60 | ||
| 650 | _aFisiologia vegetal | ||
| 650 | _aBioquimica vegetal | ||
| 650 | _aAbacaxi | ||
| 650 | _aMaturacao | ||
| 650 | _aParaiba | ||
| 773 | 0 |
_tPrograma de pesquisas analiticas e tecnologicas de produtos agropecuarios nos estados de Pernambuco e Paraiba _wF60 BR7601925 _gRecife, PE (Brasil), 1976. p. 47-73 |
|
| 909 |
_a202404 _bLucia _c55 _dLucia Elande |
||
| 942 |
_cAM _2AGRIS |
||
| 999 |
_c307017 _d307017 |
||